00523nam a2200169Ia 4500008004100000082001300041100002400054245003500078250000800113260003000121300001200151500002400163650001500187942000700202952012700209999001700336230524s9999 xx 000 0 und d a612bkhu aIndu Khurana923867 0aTextbook of Medical Physiology a5th aNEW DELHIbElsevierc2005 avii;601 aQuantity Number: 1 aBiomedical cBK 00104070aTATCLbTATCLcGENd2023-05-24l1o612 khup14165q2015-06-01r2024-02-02s2024-02-02w2023-05-24yBKzBSCP2201 c35872d35872